|
|
|
|
| LEADER |
00000cam a2200000 7i4500 |
| 001 |
0000000435 |
| 005 |
20220105103910.0 |
| 008 |
070702 |
| 020 |
|
|
|a 9833276113(set)
|
| 020 |
|
|
|a 9833276172
|
| 090 |
0 |
0 |
|a JP
|b MOR MAL (300)
|
| 100 |
0 |
|
|a Ruiye
|
| 245 |
1 |
0 |
|a Bawa saya berarak
|c Ruiye
|
| 260 |
|
|
|a Selangor :
|b TSM Publication & Distributor ,
|c 2005
|
| 440 |
|
|
|a Siri moral kanak-kanak
|
| 500 |
|
|
|a Children age 4-6 years old (yellow)
|
| 650 |
|
0 |
|a Malay fiction
|
| 999 |
|
|
|a 0000908577
|b Book
|c Children Collection
|e Cawangan Bandar Tenggara
|
| 999 |
|
|
|a 0000908580
|b Book
|c Children Collection
|e Cawangan Bandar Tenggara
|
| 999 |
|
|
|a 0000960584
|b Book
|c Children Collection
|e Perbadanan Perpustakaan Awam Johor
|
| 999 |
|
|
|a 0000960585
|b Book
|c Children Collection
|e Cawangan Sri Merlong
|
| 999 |
|
|
|a 0000960587
|b Book
|c Children Collection
|e Perbadanan Perpustakaan Awam Johor
|
| 999 |
|
|
|a 0000960588
|b Book
|c Children Collection
|e Cawangan Pontian
|
| 999 |
|
|
|a 0000986647
|b Book
|c Children Collection
|e Cawangan Bandar Tenggara
|
| 999 |
|
|
|a 0000986648
|b Book
|c Children Collection
|e Cawangan Bandar Tenggara
|
| 999 |
|
|
|a 0001044226
|b Book
|c Children Collection
|e Cawangan Segamat
|
| 999 |
|
|
|a 0001044228
|b Book
|c Children Collection
|e Cawangan Segamat
|
| 999 |
|
|
|a 0001148832
|b Book
|c Children Collection
|e Cawangan Pontian
|